Galileo Galilei
Uloženo v:
| Hlavní autor: | |
|---|---|
| Médium: | Kniha |
| Jazyk: | španělština |
| Vydáno: |
Barcelona
Península
1986
|
| Edice: | Nexos, 13
|
| Témata: | |
| Tagy: |
Přidat tag
Žádné tagy, Buďte první, kdo vytvoří štítek k tomuto záznamu!
|
MARC
| LEADER | 00000nam a2200000 a 4500 | ||
|---|---|---|---|
| 001 | UCX3213 | ||
| 003 | CL-VaPUC | ||
| 008 | 911015e19860000SP |||||||||||||||||spa|d | ||
| 082 | 0 | 4 | |a 925.2 |b GEY |2 21 |
| 100 | |a Geymonat, Ludovico |e author |9 371033 | ||
| 245 | 1 | 0 | |a Galileo Galilei |
| 300 | |a 234 p | ||
| 942 | |c BK | ||
| 945 | |d 19911015 00:00:00 | ||
| 260 | |a Barcelona |b Península |c 1986 | ||
| 600 | 0 | |a Galilei, Galileo |9 264973 | |
| 650 | 0 | |a Crítica e interpretación |9 255042 | |
| 583 | |a last modification |c 19911015 00:00:00 |k Rodrigo Vera | ||
| 490 | 0 | |a Nexos, 13 | |
| 999 | |c 224020 |d 224018 | ||
| 952 | |0 0 |1 0 |4 0 |6 925_200000000000000_GEY_1986 |7 0 |8 A |9 220378 |a BIBCUR |b BIBCUR |d 2019-11-15 |i 2890984 |o 925.2 GEY 1986 |p 2890984 |r 2025-04-22 |w 2019-11-15 |y BK |k FIS | ||